Quiz One Piece - Statistiques

Statistiques générales
  • Ce quiz a été pris 3 863 fois
  • Le résultat moyen est 16 sur 20
Statistiques - réponses
Question Réponse % Correct
Quel âge à Luffy lorsqu'il part prendre la mer? 17
98%
Qui est le père biologique de Portgas D Ace? Gold Roger
98%
Combien Luffy a-t-il eu de primes différentes? 6
97%
Combien de personnages de l'arc Wano ne possèdent qu'un bras? (2-3-4) 3
96%
Combien de grands corsaires ont été déchus de leur titre? 5
94%
Après avoir battu quel adversaire, Luffy obtient-t-il sa prime à 100 millions de berrys? Crocodile
88%
Qui a récupéré une copie du Road Ponéglyphe de Big Mom? Brook
86%
A Impel Down, quel est le 1er prisonnier qui s'allie avec Luffy? Baggy
83%
Après avoir mangé son fruit du démon, en quel animal s'est transformé Kaku? Girafe
82%
Combien d'équipages ont rejoint la flotte du Chapeau de Paille? 7
81%
Depuis combien d'années les géants Dorry et Brogy se battent t-ils? 100
79%
Quel personnage possède un haki de l'observation avancé? Katakuri
78%
Qui possède le fruit du démon avec la plus grande valeur? Law
73%
Quel est le nom du roi de l'Ile des Hommes-Poissons? Neptune
71%
Qui aurait caché le One Piece il y a 800 ans, lors du siècle oublié? Joy Boy
69%
Qui est le premier ennemi que Luffy bat lors de son voyage (hors monstre des mers) ? Alvida
68%
Qui a élevé Luffy au Mont Corvo? Dadan
66%
Quelle est la seconde personnalité d'Usopp? Sogeking
61%
Qui a la prime la plus basse des 11 Supernovae? (avant éllipse) Urouge
58%
Quelle est la prime de Sanji? 330 000 000
31%
Aucun quiz correspondant
Distribution des résultats
% des personnes avec chaque résultat
Percentile par nombre de réponses
Votre historique - résultats
Vous n’avez pas pris ce quiz